| 000 | 00954nam a22003257a 4500 | ||
|---|---|---|---|
| 001 | BR2016000816 | ||
| 003 | BR-BrBNA | ||
| 005 | 20230928104808.0 | ||
| 007 | ta | ||
| 008 | 230509b bl.||||| |||| 00| 0 por d | ||
| 040 |
_aBR-BrBNA _bpor _cBiblioteca Nacional de Agricultura |
||
| 041 | _a(Por) | ||
| 072 |
_aL53 _b3580 |
||
| 090 | _ 3580 BR2016000816 | ||
| 100 | 1 | _aHenry, M. (org.) | |
| 100 | 1 | _aNeves, J.P. (org.) | |
| 100 | 1 | _aJobim, M.I.M. (org.) | |
| 110 | 1 |
_aColégio Brasileiro de Reprodução Animal, Belo Horizonte, MG (Brasil) _91928 |
|
| 245 | 1 | _aManual para exame andrológico e avaliação de sêmen animal | |
| 250 | 1 | _a3. ed. | |
| 260 | 3 |
_aBelo Horizonte, MG (Brasil): _c2013. |
|
| 300 | _a104 p. | ||
| 500 | _aBibliography p. 91-104; 5 illus.; 32 tables | ||
| 650 | _aSÊMEN | ||
| 650 | _aANIMAL | ||
| 650 | _aVETERINÁRIA | ||
| 650 | _aREPRODUÇÃO ANIMAL | ||
| 909 |
_a202309 _bLucia _c55 _dLucia Elande |
||
| 942 | _cBK | ||
| 999 |
_c81799 _d81799 |
||